O cristal da palavra (Registo nº 3942)
[ vista simples ]
| 000 -Etiqueta do registo | |
|---|---|
| Cabeçalho | 00931nam0a2200253 4500 |
| 005 - Identificador da versão | |
| Campo de controlo | 20240813122049.0 |
| 010 ## - Número internacional normalizado dos livros (ISBN) | |
| Número (ISBN) | 9727721273 |
| 021 ## - Número do Depósito Legal | |
| Código do país | PT |
| Número | 145235/99 |
| 100 ## - Dados gerais de processamento | |
| Dados gerais de processamento | 20181030d1999 m y0pory5003 ba |
| 102 ## - Pais de publicação ou produção | |
| País de publicação | Portugal |
| 101 0# - Língua de publicação | |
| Língua do texto, banda sonora, etc. | Português |
| 215 ## - Descrição física | |
| Indicação específica da natureza do documento e extensão da espécie | 159, [1] p. |
| Outras indicações físicas | il |
| 200 1# - Titulo e menção de responsabilidade | |
| Título próprio | O cristal da palavra |
| Informação de outro título | cartas inéditas de M. Teixeira Gomes a Afonso Lopes Vieira |
| Primeira menção de responsabilidade | apresentação de Urbano Tavares Rodrigues e Vitor Wladimiro Ferreira |
| 210 ## - Publicação, Distribuição, etc. | |
| Lugar da edição, distribuição, etc. | Lisboa |
| Nome do editor, distribuidor, etc. | Colibri |
| Lugar da edição, distribuição, etc. | Portimão |
| Nome do editor, distribuidor, etc. | Câmara Municipal |
| Data da publicação, distribuição, etc. | D. L. 1999 |
| 606 ## - Nome comum usado como assunto | |
| Número de registo de entrada de autoridade | 0002005 |
| Palavra de ordem | Literatura portuguesa |
| Subdivisão de assunto | Correspondência |
| Código do sistema | CA |
| 675 ## - Classificação Decimal Universal (CDU) | |
| Notação | 821.134.3-6 |
| Edição | 3ª ed. |
| Língua da edição | por |
| 702 #1 - Nome de autor-pessoa física (responsabilidade secundária) | |
| Número de registo de entrada de autoridade | 0002008 |
| Palavra de ordem | Rodrigues |
| Outra parte do nome não tomada para palavra de ordem | Urbano Tavares |
| Elementos de identificação ou distinção | e outro |
| Datas | 1923-2013 |
| Código de função | Autor da apresentação |
| Número de registo de entrada de autoridade | 0002009 |
| Palavra de ordem | Ferreira |
| Outra parte do nome não tomada para palavra de ordem | Vitor Wladimiro |
| Elementos de identificação ou distinção | e outro |
| Datas | 1934-2012 |
| Código de função | Autor da apresentação |
| 700 #1 - Nome de autor-pessoa física (responsabilidade principal) | |
| Número de registo de entrada de autoridade | 0002007 |
| Palavra de ordem | Gomes |
| Outra parte do nome não tomada para palavra de ordem | Manuel Teixeira |
| Datas | 1860-1941 |
| 966 ## - Identificação da Biblioteca | |
| Sigla | EBVEN |
| 942 ## - Elementos de entrada adicionados (Koha) | |
| Tipo de item no Koha | Livro |
| Situação do levantamento | Origin of item (home branch) (coded) | Biblioteca de empréstimo | Código de barras | Cota | Circulation type (not for loan) | Tipo de documento | Nota do exemplar | Damaged status |
|---|---|---|---|---|---|---|---|---|
| Biblioteca Escolar das Vendas | Biblioteca Escolar das Vendas | BEV719 | 8POR GOM | Livro | Sem mensagem |
